Six sigma vo výrobnej praxi

Vysvetlenie metódy Six sigma. Implementácia metódy Six sigma v praxi. Spotreba pracovných rukavíc vo vybranej spoločnosti. Porovnanie rokov 2011 až 2014. Výrazný pokles spotreby rukavíc.

Salvato in:
Dettagli Bibliografici
Autore principale: Hajduová, Zuzana, 1974-
Altri autori: Lacko, Roman, 1988-
Natura: Capitolo di libro
Lingua:slovacco
Soggetti:
Tags: Aggiungi Tag
Nessun Tag, puoi essere il primo ad aggiungerne!!

MARC

LEADER 00000nla a2200000 4500
001 0209239
005 20240502073457.0
041 0 |a slo 
044 |a SK 
245 1 0 |a Six sigma vo výrobnej praxi  |c Zuzana Hajduová, Roman Lacko 
520 |a Vysvetlenie metódy Six sigma. Implementácia metódy Six sigma v praxi. Spotreba pracovných rukavíc vo vybranej spoločnosti. Porovnanie rokov 2011 až 2014. Výrazný pokles spotreby rukavíc. 
610 2 0 |a metódy štatistické 
610 2 0 |a metódy riadenia 
610 2 0 |a efektívnosť 
610 2 0 |a spotreba 
610 2 0 |a náklady 
610 2 0 |a firmy 
100 1 |a Hajduová, Zuzana, 1974- 
700 1 |a Lacko, Roman, 1988-